000 01467cam a2200349 a 4500
999 _c41464
_d41464
001 16421987
003 OSt
005 20220524151130.0
008 100818s2012 caua b 001 0 eng
010 _a 2010935207
020 _a1111344760 (hbk.)
020 _a9781111344764 (hbk.)
040 _aDLC
_cDLC
_dDLC
042 _apcc
050 0 0 _aBF201
_b.S74 2012
082 _a153
_bSTE/C
100 1 _aSternberg, Robert J.
_99022
245 1 0 _aCognitive psychology /
_cRobert J. Sternberg, Karin Sternberg ; with contributions of the investigating cognitive psychology boxes by Jeff Mio.
250 _a6th ed.
260 _aBelmont, CA :
_bWadsworth/Cengage Learning,
_cc2012.
300 _axxix, 609 p. :
_bill. ;
_c26 cm.
504 _aIncludes bibliographical references (p. 538-591) and indexes.
650 0 _aCognitive psychology.
700 1 _aSternberg, Karin,
_d1976-
_99037
700 1 _aMio, Jeffery Scott,
_d1954-
_99023
856 4 2 _3Contributor biographical information
_uhttp://www.loc.gov/catdir/enhancements/fy1105/2010935207-b.html
856 4 2 _3Publisher description
_uhttp://www.loc.gov/catdir/enhancements/fy1105/2010935207-d.html
856 4 1 _3Table of contents only
_uhttp://www.loc.gov/catdir/enhancements/fy1105/2010935207-t.html
906 _a7
_bcbc
_corignew
_d3
_eepcn
_f20
_gy-gencatlg
942 _2ddc
_cBK
_h153
_iSTE/C
_k153
_mSTE/C